Ekonomická statistika s příklady pro zahraniční obchod
Enregistré dans:
| Auteur principal: | |
|---|---|
| Collectivité auteur: | |
| Autres auteurs: | |
| Format: | Livre |
| Langue: | tchèque |
| Publié: |
Praha
Státní pedagogické nakladatelství
1982
|
| Tags: |
Pas de tags, Soyez le premier à ajouter un tag!
|
MARC
| LEADER | 00000nam a2200000 4500 | ||
|---|---|---|---|
| 001 | c131575 | ||
| 005 | 20190201112831.9 | ||
| 041 | 0 | |a cze | |
| 044 | |a CZ | ||
| 245 | 1 | 0 | |a Ekonomická statistika s příklady pro zahraniční obchod |c Jara Kaňoková, Jiřina Moravová |
| 264 | 1 | |a Praha |b Státní pedagogické nakladatelství |c 1982 | |
| 300 | |a 231 s. |e príl | ||
| 100 | 1 | |a Kaňoková, Jara | |
| 700 | 1 | |a Moravová, Jiřina | |
| 710 | 2 | |a Vysoká škola ekonomická v Praze. Národohospodářská fakulta | |